Training for transformation in practice / (Record no. 128908)
[ view plain ]
| 000 -LEADER | |
|---|---|
| fixed length control field | 01549cam a2200433 i 4500 |
| 001 - CONTROL NUMBER | |
| control field | 18343043 |
| 003 - CONTROL NUMBER IDENTIFIER | |
| control field | ARRUPE |
| 005 - DATE AND TIME OF LATEST TRANSACTION | |
| control field | 20190318155343.0 |
| 008 - FIXED-LENGTH DATA ELEMENTS--GENERAL INFORMATION | |
| fixed length control field | 141022s2014 enka b 000 0 eng d |
| 010 ## - LIBRARY OF CONGRESS CONTROL NUMBER | |
| LC control number | 2014469482 |
| 015 ## - NATIONAL BIBLIOGRAPHY NUMBER | |
| National bibliography number | GBB429937 |
| Source | bnb |
| 016 7# - NATIONAL BIBLIOGRAPHIC AGENCY CONTROL NUMBER | |
| Record control number | 016650844 |
| Source | Uk |
| 020 ## - INTERNATIONAL STANDARD BOOK NUMBER | |
| International Standard Book Number | 9781853398322 (pbk.) |
| 020 ## - INTERNATIONAL STANDARD BOOK NUMBER | |
| International Standard Book Number | 1853398322 (pbk.) |
| 020 ## - INTERNATIONAL STANDARD BOOK NUMBER | |
| International Standard Book Number | 1853398314 (hbk.) |
| 020 ## - INTERNATIONAL STANDARD BOOK NUMBER | |
| International Standard Book Number | 9781853398315 (hbk.) |
| 020 ## - INTERNATIONAL STANDARD BOOK NUMBER | |
| Cancelled/invalid ISBN | 9781780448312 (Library Ebook) |
| 035 ## - SYSTEM CONTROL NUMBER | |
| System control number | (OCoLC)ocn872987628 |
| 040 ## - CATALOGING SOURCE | |
| Original cataloging agency | UKMGB |
| Language of cataloging | eng |
| Transcribing agency | UKMGB |
| Description conventions | rda |
| Modifying agency | OCLCO |
| -- | YDXCP |
| -- | OCLCO |
| -- | OCLCF |
| -- | NYP |
| -- | DLC |
| 042 ## - AUTHENTICATION CODE | |
| Authentication code | lccopycat |
| 050 00 - LIBRARY OF CONGRESS CALL NUMBER | |
| Classification number | HN49.C6 |
| Item number | T724 2014 |
| 082 04 - DEWEY DECIMAL CLASSIFICATION NUMBER | |
| Classification number | 307.14 |
| Edition number | 23 |
| 300 ## - PHYSICAL DESCRIPTION | |
| Other physical details | illustrations, portraits ; |
| Dimensions | 30 cm |
| 245 00 - TITLE STATEMENT | |
| Title | Training for transformation in practice / |
| Statement of responsibility, etc | edited by Anne E. Hope and Sally J. Timmel. |
| 260 ## - PUBLICATION, DISTRIBUTION, ETC. (IMPRINT) | |
| Place of publication, distribution, etc | United Kingdom |
| Name of publisher, distributor, etc | Practical Action Publishing |
| Date of publication, distribution, etc | 2014 |
| 300 ## - PHYSICAL DESCRIPTION | |
| Extent | vii, 166 pages : |
| 504 ## - BIBLIOGRAPHY, ETC. NOTE | |
| Bibliography, etc | Includes bibliographical references. |
| 530 ## - ADDITIONAL PHYSICAL FORM AVAILABLE NOTE | |
| Additional physical form available note | Also available on the E-Library |
| 650 #0 - SUBJECT ADDED ENTRY--TOPICAL TERM | |
| Topical term or geographic name as entry element | Community development. |
| 9 (RLIN) | 8596 |
| 650 #0 - SUBJECT ADDED ENTRY--TOPICAL TERM | |
| Topical term or geographic name as entry element | Community development |
| Form subdivision | Case studies. |
| 9 (RLIN) | 44408 |
| 650 #0 - SUBJECT ADDED ENTRY--TOPICAL TERM | |
| Topical term or geographic name as entry element | Social change |
| Form subdivision | Case studies. |
| 9 (RLIN) | 44409 |
| 650 #0 - SUBJECT ADDED ENTRY--TOPICAL TERM | |
| Topical term or geographic name as entry element | Intercultural communication. |
| 9 (RLIN) | 25249 |
| 700 1# - ADDED ENTRY--PERSONAL NAME | |
| Personal name | Hope, Anne, |
| Relator term | editor of compilation. |
| 9 (RLIN) | 44404 |
| 700 1# - ADDED ENTRY--PERSONAL NAME | |
| Personal name | Timmel, Sally, |
| Relator term | editor of compilation. |
| 9 (RLIN) | 44407 |
| 856 ## - ELECTRONIC LOCATION AND ACCESS | |
| Uniform Resource Identifier | <a href="http://192.168.1.17/librarian">http://192.168.1.17/librarian</a> |
| 906 ## - LOCAL DATA ELEMENT F, LDF (RLIN) | |
| a | 7 |
| b | cbc |
| c | copycat |
| d | 1 |
| e | ncip |
| f | 20 |
| g | y-gencatlg |
| 942 ## - ADDED ENTRY ELEMENTS (KOHA) | |
| Source of classification or shelving scheme | Library of Congress Classification |
| Koha item type | Monograph ( Printed materials) |
| Withdrawn status | Lost status | Source of classification or shelving scheme | Damaged status | Not for loan | Collection code | Home library | Current library | Shelving location | Date acquired | Total Checkouts | Full call number | Barcode | Checked out | Date last seen | Date checked out | Price effective from | Koha item type |
|---|---|---|---|---|---|---|---|---|---|---|---|---|---|---|---|---|---|
| Library of Congress Classification | Main Collection | ARRUPE LIBRARY | ARRUPE LIBRARY | Main Collection | 06/02/2019 | 3 | HN49.C6 T724 2014 | 46600003627 | 15/09/2023 | 16/08/2023 | 16/08/2023 | 06/02/2019 | Monograph ( Printed materials) |